Retired Atlantic Hurricane Names of the 1990's - Statistics

General Stats
  • This quiz has been taken 38 times
  • The average score is 10 of 15
Answer Stats
Year Name % Correct
1992 Andrew
96%
1999 Floyd
74%
1991 Bob
70%
1998 Georges
70%
1998 Mitch
70%
1995 Opal
70%
1995 Roxanne
70%
1999 Lenny
67%
1996 Fran
63%
1996 Hortense
63%
1995 Marilyn
63%
1996 Cesar
59%
1990 Klaus
56%
1995 Luis
56%
1990 Diana
52%
No matching quizzes found
Score Distribution
Percent of People with Each Score
Percentile by Number Answered
Your Score History
You have not taken this quiz